Roald Dahl Books Multiple Choice Quiz - Statistics

General Stats
  • This quiz has been taken 20 times
  • The average score is 10 of 15
Answer Stats
Question Answer % Correct
Which child turned into a giant blueberry in 'Charlie and the Chocolate Factory' Violet Beauregarde
94%
Who was the lovely teacher in 'Matilda'? Miss Honey
88%
What is the name of the bird who appears in 'The Twits', 'The Enormous Crocodile', and 'Dirty Beasts' The Roly-Poly Bird
88%
What does Mrs Twit feed Mr Twit, in place of his spaghetti? Worms
88%
Which of these is a way you can tell a person is a witch, according to 'The Witches' She is bald
81%
What type of animal features in the story 'Esio Trot' Tortoise
81%
Which of these is NOT a creature that features in 'James and the Giant Peach' Dragonfly
75%
What book did Dahl write as a sequel to his book 'Boy' Going Solo
75%
When does the girl activate her magic finger in 'The Magic Finger'? When she is angry
69%
Who were the three farmers in 'Fantastic Mr Fox' Boggis, Bunce and Bean
63%
What type of bird did Danny and his father poach in 'Danny, The Champion Of The World"? Pheasants
56%
What happened to Grandma when she first drank George's marvellous medicine? She grew very tall
56%
Dahl named Sophie in the 'BFG' after which of his relatives? His Granddaughter
25%
The BFG first appears in what Dahl book? Danny, the Champion of the World
13%
Which grandparent is sent to 'Minusland' in 'Charlie and the Great Glass Elevator'? Georgina
6%
No matching quizzes found
Score Distribution
Percent of People with Each Score
Percentile by Number Answered
Your Score History
You have not taken this quiz